000 00526cam a2200145 4500500
005 20251228090751.0
041 _afre
042 _adc
100 1 0 _aFaguer, Nicolas
_eauthor
245 0 0 _aPatrice Le Cadre, Tu écriras sur du sable, film long-métrage, 2016
260 _c2017.
500 _a100
786 0 _nBulletin de l’Amitié Charles Péguy | 157 | 1 | 2017-04-16 | p. 86-87 | 0180-8567
856 4 1 _uhttps://shs.cairn.info/revue-bulletin-de-lamitie-charles-peguy-2017-1-page-86?lang=fr&redirect-ssocas=7080
999 _c1602711
_d1602711